header

Numerical simulation research progress (Record no. 60235)

MARC details
000 -LEADER
fixed length control field 01391nam a2200349 a 4500
082 04 - DEWEY DECIMAL CLASSIFICATION NUMBER
Classification number 518
245 00 - TITLE STATEMENT
Title Numerical simulation research progress
260 ## - PUBLICATION, DISTRIBUTION, ETC. (IMPRINT)
Place of publication New York :
Name of publisher Nova Science Publishers,
Year of publication c2009.
300 ## - PHYSICAL DESCRIPTION
Number of Pages x, 297 p. :
Other physical details ill. (some col.)
650 #0 - SUBJECT ADDED ENTRY--TOPICAL TERM
Topical Term Numerical analysis
Topical Term Numerical analysis
Topical Term Quantitative research
700 1# - ADDED ENTRY--PERSONAL NAME
Personal name Colombo, Simone P.
Personal name Rizzo, Christian L.
856 40 - ELECTRONIC LOCATION AND ACCESS
Uniform Resource Identifier http://site.ebrary.com/lib/rucke/Doc?id=10680824

No items available.

© 2026 Rongo University
Contact us: librarian | system librarian | Rongo university